000 00728nam a2200229Ia 4500
005 20221108153904.0
008 210716s2003 xx 000 0 und d
020 _a9788173665613
040 _cAIMIT LIBRARY
041 _aeng
082 _a005.364
_21
_bHAMJ
100 _aHamilton, J P.
_961388
245 _aObject oriented programming with visual basic .net /
_cBy J.P. Hamilton.
250 _a1st ed.
260 _aNew Delhi ;
_bShroff Publishers and Distributors Pvt Ltd ,
_c2003.
300 _axiii,291 p, ;
_c24.2 cm.
650 _aObject fundamentals
_961389
650 _aClass anatomy
_961390
650 _aObject inspection
_961391
650 _aObject remoting
_961392
942 _2ddc
_cBK
_e1st
_k005.364 HAMJ
999 _c185684
_d185684